• 首页
  • 本馆介绍
  • 公告通知
  • 最新文献
  • 馆藏检索
  • 电子资源
  • 读者导购
  • 参考咨询
  • 我的图书馆
  • 登录
  • 详细信息显示
  • 放入我的书架
  • 预约/预借图书
  • 作者相关作品
  • 分类相关作品
  • 丛书相关作品
  • 出版社相关作品

书目信息

  • 表格格式
  • 工作单格式
  • 卡片格式
题名:
毛泽东与红军
    
 
作者: 黄少群 著
分册:  
出版信息: 北京   新华出版社  1998.7
页数: 260页
开本: 20cm
丛书名:
单 册:
中图分类: E297.2
科图分类:
主题词: 军事史--中国 , 战争史--中国
电子资源:
ISBN: 7-5011-4122-3
000 00676nam0 2200217 45
001 0404221417
005 20040422150014.0
010    @a7-5011-4122-3@dCNY18.00
100    @a20040422d1998 km y0chiy0120 ea
101 0  @achi
105    @a z 000yy
200 1  @a毛泽东与红军@AMao Ze Dong Yu Hong Jun@e从井冈山到古田@ECong Jing Gang Shan Dao Gu Tian@f黄少群著@FHuang Shao Qun Zhu
210    @a北京@c新华出版社@d1998.7
215    @a260页@d20cm
517    @a从井冈山到古田@ACong Jing Gang Shan Dao Gu Tian
606 0  @a军事史@x中国
606 0  @a战争史@x中国
690    @aE297.2@v3
701  0 @a黄少群@4著
801    @aCN@bTSTCL@c20040422
905    @f4@b282153-156@dE297.2@e43
    
    毛泽东与红军:从井冈山到古田/黄少群著.-北京:新华出版社,1998.7
    260页;20cm
    
    
    ISBN 7-5011-4122-3:CNY18.00
    
●
相关链接 在E读中查询图书 在五车中查询图书 在当当中查询图书 在豆瓣中查询图书


正题名:毛泽东与红军     索取号:E297.2/43         预约/预借

序号 登录号 条形码 馆藏地/架位号 状态 备注
1 0282153   002821539   第一借阅区/ [索取号:E297.2/43] 在馆    
2 0282154   002821548   第一借阅区/ [索取号:E297.2/43] 在馆    
3 0282155   002821557   第一借阅区/ [索取号:E297.2/43] 在馆    
4 0282156   002821566   第一借阅区/ [索取号:E297.2/43] 在馆    
5 0282157   002821575   第一样本阅览室/ [索取号:E297.2/43] 在馆    
唐山师范学院图书馆 欢迎您!
大连网信软件有限公司© 版权所有